வரலாறு : தரம் 11 - வழிகாட்டலும் கையேடும் நெசயல் நூலூம் /

Varalaru : Tharam 11
Saved in:
Bibliographic Details
Format: Book
Language:English
Published: கொழும்பு : மாணவர் வௌியீட்டகம், 2017.
Subjects:
Tags: Add Tag
No Tags, Be the first to tag this record!

MARC

LEADER 00000nam a2200000 4500
003 LK-CoNLD
005 20260330090133.0
008 260106b xxu||||| |||| 00| 0 eng d
017 |b LK-CoDNA 
020 |a 9789553990754 
040 |a LK-CoNLD  |b TAM  |c LK-CoNLD  |d LK-CoNLD 
082 |2 23  |a 909.071  |q LK-CoNLD 
245 |6 880-1  |a வரலாறு :  |b தரம் 11 - வழிகாட்டலும் கையேடும் நெசயல் நூலூம் /  |c பி. டி. முகம்மட் ராபி. 
260 |a கொழும்பு :  |b மாணவர் வௌியீட்டகம்,  |c 2017. 
300 |a ப. vi, 211 ; 
650 0 |9 23825  |a World history - Grade 11 - Study and teaching 
880 |6 245-1  |a Varalaru : Tharam 11 
942 |c BOOK 
945 |a 22  |b Logeshwary RAMASAMY  |c 21055  |d M. G. D. NAWODA 
999 |c 296401  |d 296401